00282nam a2200097Ia 4500008004100000020001800041100002400059245004500083260003800128300001800166180205s9999 xx 000 0 und d a9789715845441 aKhan, Ismael Jr, G. aEverybody dictionary of Philippine law / aQuezon CitybC&E publishingc2007 avii,244 pages